[Event "Passover! Holiday of Liberty!"]
[Site "SchemingMind.com"]
[Date "2008.04.14"]
[Round "-"]
[White "Orhany24"]
[Black "calidore"]
[Result "0-1"]
[WhiteCountry "TUR"]
[BlackCountry "ISR"]
[WhiteElo "1765"]
[WhiteRD "67"]
[BlackElo "2039"]
[BlackRD "62"]
[GameID "150296"]

1. d4 Nf6 2. c4 e6 3. a3 d5 4. c5 b6 5. b4 a5 6. Bb2 axb4 7. axb4 Rxa1 8. Bxa1 Ba6 9. Nc3 Bc4 10. Nf3 Nc6
11. b5 Na5 12. Nd2 Be7 13. Nxc4 Nxc4 14. Qa4 O-O 15. e3 Na5 16. c6 Qa8 17. Be2 Nxc6 18. bxc6 Qxa4 19. Nxa4 Ra8 20. Bb5 Ra5
21. O-O Rxb5 22. Bc3 Ne4 23. Be1 Bb4 24. Bxb4 Rxb4 25. Ra1 Kf8 26. f3 Nd6 27. Nc3 Rc4 28. Ne2 Rxc6 29. h4 Nf5
0-1

[Event "Passover! Holiday of Liberty!"]
[Site "SchemingMind.com"]
[Date "2008.04.18"]
[Round "-"]
[White "calidore"]
[Black "Orhany24"]
[Result "1-0"]
[WhiteCountry "ISR"]
[BlackCountry "TUR"]
[WhiteElo "2039"]
[WhiteRD "62"]
[BlackElo "1765"]
[BlackRD "67"]
[GameID "150297"]

1. e4 c5 2. c3 e5 3. Nf3 Nc6 4. d4 cxd4 5. cxd4 exd4 6. Nxd4 d6 7. Bc4 a6 8. O-O Nxd4 9. Qxd4 Be6 10. Bf4 Nf6
11. Nc3 Be7 12. Rfd1 O-O 13. Bxe6 fxe6 14. Bxd6 Bxd6 15. Qxd6 Qxd6 16. Rxd6 Rfe8 17. f3 Rad8 18. Rad1 Rxd6 19. Rxd6 e5 20. Kf2 Kf7
21. Ke3 h6 22. Nd5 Nxd5+ 23. Rxd5 g5 24. Rd7+ Re7 25. Rxe7+ Kxe7 26. g3 Ke6 27. f4 exf4+ 28. gxf4 gxf4+ 29. Kxf4 b5 30. b4 Kf6
31. h4
1-0

[Event "Passover! Holiday of Liberty!"]
[Site "SchemingMind.com"]
[Date "2008.04.18"]
[Round "-"]
[White "Philip"]
[Black "Orhany24"]
[Result "0-1"]
[WhiteCountry "INT"]
[BlackCountry "TUR"]
[WhiteElo "1563"]
[WhiteRD "66"]
[BlackElo "1749"]
[BlackRD "68"]
[GameID "151137"]

1. e4 c5 2. c3 e5 3. Bc4 d6 4. d4 cxd4 5. cxd4 exd4 6. Qxd4 Nc6 7. Qd1 Be6 8. Be2 Nf6 9. Nc3 Be7 10. Nd5 O-O
11. Nxe7+ Qxe7 12. f3 d5 13. exd5 Bxd5 14. a3 Rfe8 15. Kf2 Qc5+ 16. Kf1 Rad8 17. b4 Qb6 18. Bb2 Bc4 19. Qc2 Bxe2+ 20. Nxe2 Qe3
21. Bc1 Qe5 22. Bb2 Qb5 23. Re1 Nd4 24. Bxd4 Rxd4 25. Kf2 Rdd8 26. Nc3 Qb6+ 27. Kg3 Nh5+ 28. Kh3 Qh6 29. Rxe8+ Rxe8 30. Ne4 f5
31. Qc4+ Kh8 32. Nd6 Qxd6 33. g3 h6 34. Qc5 Qxc5 35. bxc5 Rc8 36. Rc1 g5 37. g4 fxg4+ 38. Kxg4 Nf4 39. Rc2 Kg7 40. h4 Kg6
41. hxg5 hxg5 42. a4 Ne6 43. c6 Rxc6
0-1

[Event "Passover! Holiday of Liberty!"]
[Site "SchemingMind.com"]
[Date "2008.04.18"]
[Round "-"]
[White "Philip"]
[Black "calidore"]
[Result "0-1"]
[WhiteCountry "INT"]
[BlackCountry "ISR"]
[WhiteElo "1605"]
[WhiteRD "68"]
[BlackElo "1983"]
[BlackRD "62"]
[GameID "151138"]

1. e4 Nf6 2. e5 Nd5 3. Nf3 d6 4. c4 Nb6 5. d4 Bg4 6. exd6 cxd6 7. Nc3 Nc6 8. h3 Bxf3 9. gxf3 g6 10. d5 Ne5
11. b3 Bg7 12. Bb2 Qd7 13. f4 Qf5 14. fxe5 Bxe5 15. Bd3 Qf6 16. Ne4 Qf4 17. Bxe5 Qxe5 18. O-O h5 19. f4 Qd4+ 20. Rf2 Nd7
21. Ng5 Nf6 22. Nxf7 Rg8 23. Nh6 Rg7 24. Qb1 O-O-O 25. Bxg6 Ne4 26. Qxe4 Qxe4 27. f5 Rxg6+ 28. fxg6 Qxg6+ 29. Ng4 hxg4 30. Rg2 Qf6
31. hxg4 Qxa1+
0-1

[Event "Passover! Holiday of Liberty!"]
[Site "SchemingMind.com"]
[Date "2008.04.18"]
[Round "-"]
[White "Orhany24"]
[Black "Philip"]
[Result "0-1"]
[WhiteCountry "TUR"]
[BlackCountry "INT"]
[WhiteElo "1749"]
[WhiteRD "68"]
[BlackElo "1563"]
[BlackRD "66"]
[GameID "151139"]

1. e4 e5 2. Nf3 Nc6 3. Bc4 h6 4. c3 Nf6 5. O-O d6 6. h3 Nxe4 7. d4 d5 8. Bb5 Nd6 9. Bxc6+ bxc6 10. Nxe5 Bb7
11. Qg4 Ne4 12. Qf5 Nf6 13. Re1 Be7 14. Bf4 O-O 15. Nd2 Bc8 16. Qd3 Nh5 17. Bh2 Bb7 18. g4 Nf6 19. f4 Nd7 20. Bg3 Nxe5
21. fxe5 c5 22. Nf3 c4 23. Qc2 c5 24. Rad1 cxd4 25. cxd4 Qb6 26. h4 Bc8 27. g5 h5 28. Nh2 g6 29. Rf1 Bf5 30. Rxf5 gxf5
31. Qxf5 Qxb2 32. g6 Qe2 33. Re1 Qd3 34. Qxd3 cxd3 35. gxf7+ Rxf7 36. Rd1 Rg7 37. Rxd3 Bxh4 38. Kg2 Be7 39. Rf3 h4
0-1

[Event "Passover! Holiday of Liberty!"]
[Site "SchemingMind.com"]
[Date "2008.04.18"]
[Round "-"]
[White "kwabena"]
[Black "Philip"]
[Result "1-0"]
[WhiteCountry "ENG"]
[BlackCountry "INT"]
[WhiteElo "1566"]
[WhiteRD "80"]
[BlackElo "1605"]
[BlackRD "68"]
[GameID "151228"]

1. d4 d5 2. Bf4 Nf6 3. h3 Nh5 4. Bh2 Nc6 5. e3 Nf6 6. Nf3 g6 7. c4 dxc4 8. Bxc4 Bg7 9. Nc3 O-O 10. O-O Na5
11. Bd3 Nd5 12. Nxd5 Qxd5 13. Bxc7 Nc6 14. Bh2 Nb4 15. a3 Nxd3 16. Qxd3 Bf5 17. Qd2 Bxh3 18. Nh4 Be6 19. Rac1 Rfc8 20. Rc3 Bd7
21. Rfc1 Bc6 22. b4 Qd7 23. Qd3 Bb5 24. Rxc8+ Rxc8 25. Rxc8+ Qxc8 26. Qxb5 Qc1+ 27. Qf1 Qxa3 28. Qe1
1-0

[Event "Passover! Holiday of Liberty!"]
[Site "SchemingMind.com"]
[Date "2008.04.18"]
[Round "-"]
[White "kwabena"]
[Black "Orhany24"]
[Result "0-1"]
[WhiteCountry "ENG"]
[BlackCountry "TUR"]
[WhiteElo "1589"]
[WhiteRD "78"]
[BlackElo "1749"]
[BlackRD "68"]
[GameID "151229"]

1. d4 d5 2. Bf4 e6 3. e3 Bd6 4. Bxd6 Qxd6 5. Nf3 Nf6 6. a3 O-O 7. c4 c5 8. cxd5 exd5 9. dxc5 Qxc5 10. Nc3 Nc6
11. Be2 Bg4 12. O-O Rad8 13. h3 Bf5 14. Rc1 Qb6 15. b4 a6 16. Qb3 Be6 17. Rfd1 d4 18. Bc4 dxc3 19. Bxe6 Rxd1+ 20. Rxd1 fxe6
21. Qxe6+ Kh8 22. Qc4 h6 23. Qxc3 Ne4 24. Qb2 Rd8 25. Rc1 a5 26. Qc2 Nf6 27. Rb1 axb4 28. axb4 Nd5 29. b5 Na7 30. Nd4 Rc8
31. Qb2 Qc5 32. Ne6 Qc3 33. b6 Qxb2 34. Rxb2 Nc6 35. Nc5 Na5 36. Rb5 Nc4 37. Nxb7 Ncxb6 38. e4 Rb8 39. Nd6 Nc7 40. Rb3 Nd7
41. Rc3 Ne6 42. Rc6 Ne5 43. Ra6 Kh7 44. Nf5 Nf4 45. Ra7 Rg8 46. f3 Nc6 47. Rd7 Ne5 48. Re7 Neg6 49. Ra7 Ne5 50. Kf2 Nc6
51. Rb7 Ne5 52. Kg3 Ne2+ 53. Kh4 Kh8 54. Re7 Ng6+
0-1

[Event "Passover! Holiday of Liberty!"]
[Site "SchemingMind.com"]
[Date "2008.04.18"]
[Round "-"]
[White "kwabena"]
[Black "calidore"]
[Result "0-1"]
[WhiteCountry "ENG"]
[BlackCountry "ISR"]
[WhiteElo "1566"]
[WhiteRD "80"]
[BlackElo "1983"]
[BlackRD "62"]
[GameID "151230"]

1. d4 Nf6 2. Bg5 e6 3. e3 Be7 4. h3 b6 5. a3 Bb7 6. Nf3 O-O 7. Be2 d6 8. O-O Nbd7 9. c4 Re8 10. Nc3 h6
11. Bf4 Nf8 12. b4 Ng6 13. Qc2 Nxf4 14. exf4 c5 15. dxc5 dxc5 16. Rfd1 Qc8 17. b5 Qc7 18. g3 Rad8 19. Nd2 Bd6 20. Bf3 Bxf3
21. Nxf3 Qb7 22. Nh4 Bb8 23. Ng2 e5 24. fxe5 Bxe5 25. Rd2 Rxd2 26. Qxd2 Ne4 27. Nxe4 Bxa1 28. Nd6 Qd7 29. Ne3 Be5 30. Nef5 Rd8
31. Qd5 Bxd6 32. Qe4 Re8 33. Qg4 Re1+ 34. Kg2 Qb7+ 35. f3 Be5 36. Kf2 Rd1 37. f4 Bd4+ 38. Ke2 Rg1 39. Nxh6+ Kh7 40. Nf5 Qe4+
41. Kd2 Rg2+ 42. Kd1 Qb1#
0-1

[Event "Passover! Holiday of Liberty!"]
[Site "SchemingMind.com"]
[Date "2008.04.18"]
[Round "-"]
[White "Philip"]
[Black "kwabena"]
[Result "0-1"]
[WhiteCountry "INT"]
[BlackCountry "ENG"]
[WhiteElo "1605"]
[WhiteRD "68"]
[BlackElo "1566"]
[BlackRD "80"]
[GameID "151231"]

1. e4 d5 2. exd5 Qxd5 3. Nc3 Qd8 4. d4 a6 5. Be3 Nf6 6. Qd3 e6 7. O-O-O Be7 8. Be2 O-O 9. h3 Nc6 10. a3 Bd7
11. g4 h6 12. Nf3 Bd6 13. Bxh6 gxh6 14. g5 hxg5 15. Nxg5 Bf4+ 16. Kb1 Bxg5 17. h4 Bh6 18. Rdg1+ Kh8 19. Nd1 Rg8 20. Ne3 Nh5
21. Bxh5 Bxe3 22. Bxf7 Rxg1+ 23. Rxg1 Qf6 24. fxe3 Qxf7 25. Rg6 Qh7 26. Qe4 Rg8 27. h5 Rxg6 28. hxg6 Qh5 29. Qg2 Kg7 30. Qg3 e5
0-1

[Event "Passover! Holiday of Liberty!"]
[Site "SchemingMind.com"]
[Date "2008.04.18"]
[Round "-"]
[White "Orhany24"]
[Black "kwabena"]
[Result "1-0"]
[WhiteCountry "TUR"]
[BlackCountry "ENG"]
[WhiteElo "1765"]
[WhiteRD "67"]
[BlackElo "1572"]
[BlackRD "77"]
[GameID "151232"]

1. e4 d5 2. exd5 Qxd5 3. d4 Nf6 4. c4 Qd8 5. Nc3 a6 6. h3 h6 7. Nf3 Bf5 8. Bd3 Bxd3 9. Qxd3 e6 10. O-O Be7
11. d5 exd5 12. Nxd5 c6 13. Nxf6+ Bxf6 14. Re1+ Kf8 15. Qf5 Qb6 16. Bf4 Bd4 17. Nxd4 Qxd4 18. Qc8+
1-0

[Event "Passover! Holiday of Liberty!"]
[Site "SchemingMind.com"]
[Date "2008.04.19"]
[Round "-"]
[White "calidore"]
[Black "kwabena"]
[Result "1-0"]
[WhiteCountry "ISR"]
[BlackCountry "ENG"]
[WhiteElo "1983"]
[WhiteRD "62"]
[BlackElo "1566"]
[BlackRD "80"]
[GameID "151233"]

1. e4 d5 2. exd5 Qxd5 3. Nc3 Qd8 4. d4 a6 5. Nf3 Bf5 6. Bc4 e6 7. Bf4 h6 8. O-O Nf6 9. Re1 Bb4 10. a3 Bxc3
11. bxc3 O-O 12. Ne5 Nbd7 13. Rb1 b5 14. Be2 Ne4 15. Rb3 c5 16. Bf3 c4 17. Nc6 Qf6 18. Rb2 Nxc3 19. Qd2 Nd5 20. Nb4 N7b6
21. Be5 Qd8 22. c3 Qc8 23. Nxd5 Nxd5 24. g3 Ra7 25. Bg2 Ne7 26. Bd6 Re8 27. Re5 Bd3 28. Rc5 Qd7 29. Be5 Nf5 30. g4 Ne7
31. g5 h5 32. Qe3 g6 33. Qf4 Rc8 34. Qf6 Kf8 35. Qg7+ Ke8 36. Qh8+ Ng8 37. Qxg8+ Ke7 38. Rxc8
1-0

[Event "Passover! Holiday of Liberty!"]
[Site "SchemingMind.com"]
[Date "2008.04.23"]
[Round "-"]
[White "smothered mate"]
[Black "Philip"]
[Result "1-0"]
[WhiteCountry "POL"]
[BlackCountry "INT"]
[WhiteElo "1913"]
[WhiteRD "52"]
[BlackElo "1532"]
[BlackRD "63"]
[GameID "151752"]

1. e4 e5 2. Nf3 Nc6 3. Bc4 Bc5 4. b4 Bxb4 5. c3 Bc5 6. d4 exd4 7. cxd4 Bb6 8. O-O h6 9. Nc3 a6 10. Nd5 Ba7
11. Bf4 d6 12. e5 Be6 13. Nxc7+ Qxc7 14. exd6 Bxc4 15. Re1+ Qe7 16. dxe7 Ngxe7 17. d5 O-O-O 18. Qa4 Bb5 19. Qa3 Nxd5 20. Bg3 Bb8
21. Ne5 Bxe5 22. Bxe5 Nxe5 23. Rxe5 Bc6 24. Rc1 f6 25. Re6 Nc7 26. h3 Nxe6 27. Qb3 Nd4 28. Qc4 Rhe8 29. Kh2 Re7 30. a3 b5
31. Qc5 Rb7 32. Rd1 Rbd7 33. Rxd4 Rxd4 34. Qxc6+ Kb8 35. Qb6+ Kc8 36. Qxa6+ Kc7 37. Qxb5 R8d7 38. a4 R4d5 39. Qb4 Rd4 40. Qc5+ Kb7
41. a5 R4d6 42. Kg3 Rc6 43. Qf5 Rc3+ 44. f3 Rdc7 45. Qb5+ Kc8= 46. a6 R3c6 47. a7
1-0

[Event "Passover! Holiday of Liberty!"]
[Site "SchemingMind.com"]
[Date "2008.04.24"]
[Round "-"]
[White "smothered mate"]
[Black "Orhany24"]
[Result "1-0"]
[WhiteCountry "POL"]
[BlackCountry "TUR"]
[WhiteElo "1926"]
[WhiteRD "48"]
[BlackElo "1777"]
[BlackRD "70"]
[GameID "151753"]

1. e4 c5 2. c3 Nc6 3. d4 cxd4 4. cxd4 d5 5. exd5 Qxd5 6. Be3 e5 7. Nc3 Bb4 8. Nf3 Bg4 9. Be2 exd4 10. O-O Bxc3
11. bxc3 Nf6 12. cxd4 O-O 13. h3 Bh5 14. Qd3 Nb4 15. Qc3 a5 16. a3 Rfc8 17. Qxc8+ Rxc8 18. axb4 axb4 19. Rfc1 Rxc1+ 20. Rxc1 h6
21. Rc5 Qa2 22. Bd3 Bg6 23. Bc4 b3 24. Ne5 Bc2 25. Rc8+ Kh7 26. Bxf7 Bf5 27. Rc1 Bc2 28. Re1 Qa5 29. Rf1 Qb4 30. f4 b2
31. f5 b1=Q 32. Bg6+ Kg8 33. Bf7+ Kf8 34. Rxb1 Qxb1+ 35. Kh2 Bxf5 36. d5 Qe4 37. Bc5#
1-0

[Event "Passover! Holiday of Liberty!"]
[Site "SchemingMind.com"]
[Date "2008.04.27"]
[Round "-"]
[White "smothered mate"]
[Black "calidore"]
[Result "1-0"]
[WhiteCountry "POL"]
[BlackCountry "ISR"]
[WhiteElo "1927"]
[WhiteRD "49"]
[BlackElo "1899"]
[BlackRD "53"]
[GameID "151754"]

1. e4 Nf6 2. e5 Nd5 3. c4 Nb6 4. d4 d6 5. exd6 cxd6 6. d5 N8d7 7. Nf3 g6 8. Nc3 Bg7 9. Qc2 O-O 10. Bd3 Ne5
11. Nxe5 Bxe5 12. Bh6 Re8 13. h4 Bg4 14. f3 Bg3+ 15. Kd2 Bd7 16. h5 Qc8 17. b3 Bf5 18. Ne4 Qd7 19. Nxg3 Bxd3 20. Qxd3 e6
21. Ne4 Qe7 22. Bg5 Qc7 23. Nf6+ Kg7 24. Qd4 e5 25. Nxe8+ Rxe8 26. Qh4 Qc5 27. Rae1 Qb4+ 28. Kc2 Nxd5 29. Bd2 Qa3 30. Kb1 Nb4
31. Bxb4 Qxb4 32. hxg6 fxg6 33. Qxh7+ Kf6 34. Qd7 Re7 35. Qb5 Qd2 36. Rd1 Qxg2 37. Rhg1 Qh3 38. Rxd6+ Kf7 39. Qd5+
1-0

[Event "Passover! Holiday of Liberty!"]
[Site "SchemingMind.com"]
[Date "2008.04.23"]
[Round "-"]
[White "smothered mate"]
[Black "kwabena"]
[Result "1-0"]
[WhiteCountry "POL"]
[BlackCountry "ENG"]
[WhiteElo "1913"]
[WhiteRD "52"]
[BlackElo "1572"]
[BlackRD "77"]
[GameID "151755"]

1. e4 d5 2. exd5 Qxd5 3. Nc3 Qd8 4. Bc4 Nf6 5. Nf3 Bf5 6. d4 e6 7. Bf4 a6 8. Qe2 Be7 9. O-O-O O-O 10. Ne5 Qc8
11. g4 Bg6 12. h4 h6 13. Nxg6 fxg6 14. Bxe6+
1-0

[Event "Passover! Holiday of Liberty!"]
[Site "SchemingMind.com"]
[Date "2008.04.23"]
[Round "-"]
[White "Philip"]
[Black "smothered mate"]
[Result "0-1"]
[WhiteCountry "INT"]
[BlackCountry "POL"]
[WhiteElo "1563"]
[WhiteRD "66"]
[BlackElo "1927"]
[BlackRD "49"]
[GameID "151756"]

1. e4 c5 2. Nf3 d6 3. Be2 Nc6 4. c3 f5 5. d3 Nf6 6. e5 dxe5 7. Qb3 Qb6 8. Bd1 Qxb3 9. Bxb3 e6 10. O-O Bd6
11. d4 exd4 12. cxd4 cxd4 13. Ng5 Nd5 14. Re1 O-O 15. Nxe6 Nce7 16. Nxf8 Kxf8 17. Nd2 Bd7 18. Nf3 Re8 19. Nxd4 Nf6 20. Ne6+ Bxe6
21. Bxe6 Nc6 22. Bd2 Nd4 23. Bb3 Ne4 24. Bc3 Nb5 25. Rxe4 fxe4 26. Ba4 a6 27. Bxb5 axb5 28. a4 b4 29. Bd2 b3 30. a5 Be5
31. Ra3 Rd8 32. Bb4+ Bd6 33. Bxd6+ Rxd6 34. Kf1 Rd5 35. Rxb3 Rxa5 36. Rxb7 Ra1+ 37. Ke2 Rh1 38. h3 Rh2 39. b4 Rxg2 40. b5 Rg5
41. h4 Rh5 42. b6 Rb5 43. f4 exf3+ 44. Kxf3 h5 45. Ke4 Kg8 46. Kd4 Kh7 47. Kc4 Rb1 48. Kd5 Kh6 49. Kc6 Rb4 50. Rc7 Rxh4
51. b7 Rb4 52. Rc8 h4 53. Rh8+ Kg5 54. b8=Q Rxb8 55. Rxb8 h3 56. Rb4 h2 57. Rb1 Kg4 58. Kd6 g5 59. Ke5 Kh3 60. Kf5 g4
61. Rh1 g3 62. Rf1 g2 63. Rf3+ Kh4 64. Rf4+ Kh5
0-1

[Event "Passover! Holiday of Liberty!"]
[Site "SchemingMind.com"]
[Date "2008.04.24"]
[Round "-"]
[White "Orhany24"]
[Black "smothered mate"]
[Result "0-1"]
[WhiteCountry "TUR"]
[BlackCountry "POL"]
[WhiteElo "1749"]
[WhiteRD "68"]
[BlackElo "1927"]
[BlackRD "49"]
[GameID "151757"]

1. d4 d5 2. c4 Bf5 3. e3 Nc6 4. a3 e6 5. Nf3 Nf6 6. Be2 dxc4 7. Bxc4 Bd6 8. Nc3 a6 9. O-O Qe7 10. b4 e5
11. dxe5 Nxe5 12. Nxe5 Bxe5 13. Bb2 Rd8 14. Qb3 O-O 15. Rad1 b5 16. Be2 c5 17. bxc5 Qxc5 18. Kh1 Be6 19. Qb4 Qxb4 20. axb4 Rc8
21. Rc1 Bd6 22. Ba3 Bc4 23. Rfe1 Bxe2 24. Rxe2 Rc4 25. Rec2 Rfc8 26. Kg1 a5 27. Nxb5 Rxc2 28. Rxc2 Rxc2
0-1

[Event "Passover! Holiday of Liberty!"]
[Site "SchemingMind.com"]
[Date "2008.04.27"]
[Round "-"]
[White "calidore"]
[Black "smothered mate"]
[Result "1-0"]
[WhiteCountry "ISR"]
[BlackCountry "POL"]
[WhiteElo "2039"]
[WhiteRD "62"]
[BlackElo "1913"]
[BlackRD "52"]
[GameID "151758"]

1. e4 c5 2. c3 d5 3. exd5 Qxd5 4. d4 cxd4 5. cxd4 Nc6 6. Nf3 Bg4 7. Be2 e6 8. O-O Nf6 9. Nc3 Qd8 10. Be3 Be7
11. h3 Bxf3 12. Bxf3 Nd5 13. Nxd5 exd5 14. Qb3 O-O 15. Qxd5 Qb6 16. Qb3 Nxd4 17. Bxd4 Qxd4 18. Qxb7 Bf6 19. Qxa8 Rxa8 20. Bxa8 Qxb2
21. Rab1 Qd4 22. Rfd1 Qf4 23. g3 Qc7 24. Rdc1 Qd8 25. Bb7 Qd6 26. Rc8+ Bd8 27. Bf3 g5 28. Rd1 Qa3 29. Rdxd8+ Kg7 30. Kg2 Qxa2
31. Rc7 a5 32. Bd5 Qb2 33. Rxf7+ Kh6 34. Rd6+
1-0

[Event "Passover! Holiday of Liberty!"]
[Site "SchemingMind.com"]
[Date "2008.04.23"]
[Round "-"]
[White "kwabena"]
[Black "smothered mate"]
[Result "0-1"]
[WhiteCountry "ENG"]
[BlackCountry "POL"]
[WhiteElo "1572"]
[WhiteRD "77"]
[BlackElo "1913"]
[BlackRD "52"]
[GameID "151759"]

1. d4 d5 2. a3 c5 3. c3 Nc6 4. dxc5 a5 5. Qa4 Bd7 6. Qb3 e6 7. Qxb7 Bxc5 8. Qb3 Nf6 9. Qc2 Ne4 10. e3 O-O
11. Nf3 a4 12. Bb5 Qa5 13. Bxc6 Bxc6 14. O-O Rfb8 15. Nbd2 Nd6 16. Ne5 Be8 17. Ndf3 f6 18. Nd3 Bg6 19. Nfe1 Nc4 20. Qe2 Bd6
21. Nc2 Qc7 22. g3 Bf5 23. Ncb4 Bh3 24. Re1 Na5 25. Nf4 Bxf4 26. exf4 Nb3 27. Rb1 d4 28. f5 Bxf5 29. Nd3 Qc4 30. Rd1 Nc5
31. Nf4 Qxe2 32. Nxe2 Bxb1 33. cxd4 Nb3 34. Bf4 Bc2 35. Re1 Rc8 36. Be3 Na5 37. Nf4 e5 38. dxe5 fxe5 39. Nd5 Rab8 40. Ne7+ Kf7
41. Nxc8 Rxc8 42. Bd2 Nc4 43. Bc3 e4 44. Rc1 Nxa3 45. Kf1 Bd3+ 46. Ke1 Nb5 47. Ra1 a3 48. Kd2 axb2
0-1

[Event "Passover! Holiday of Liberty!"]
[Site "SchemingMind.com"]
[Date "2008.04.23"]
[Round "-"]
[White "Kotelnik"]
[Black "Philip"]
[Result "1-0"]
[WhiteCountry "CZE"]
[BlackCountry "INT"]
[WhiteElo "2001"]
[WhiteRD "134"]
[BlackElo "1532"]
[BlackRD "63"]
[GameID "151842"]

1. e4 e5 2. Nf3 Nc6 3. Nc3 Bc5 4. Nxe5 Bxf2+ 5. Kxf2 Nxe5 6. d4 Qf6+ 7. Kg1 Ng6 8. h4 d6 9. Bg5 Qe6 10. Nd5 Kd7
11. Bc4 Qxe4 12. Nc3 f6 13. Nxe4 h5 14. Bxf6 Nxf6 15. Nxf6+ gxf6 16. Qg4+
1-0

[Event "Passover! Holiday of Liberty!"]
[Site "SchemingMind.com"]
[Date "2008.04.24"]
[Round "-"]
[White "Kotelnik"]
[Black "Orhany24"]
[Result "1-0"]
[WhiteCountry "CZE"]
[BlackCountry "TUR"]
[WhiteElo "2001"]
[WhiteRD "134"]
[BlackElo "1765"]
[BlackRD "67"]
[GameID "151843"]

1. e4 c5 2. Nf3 Nc6 3. Bb5 a6 4. Bxc6 bxc6 5. Nc3 d5 6. d3 d4 7. Ne2 Qc7 8. Bf4 Qd8 9. c3 f6 10. cxd4 cxd4
11. Nexd4 Qa5+ 12. Bd2 Qb6 13. O-O e5 14. Nb3 Bd6 15. d4 Ne7 16. dxe5 Bxe5 17. Ba5
1-0

[Event "Passover! Holiday of Liberty!"]
[Site "SchemingMind.com"]
[Date "2008.04.28"]
[Round "-"]
[White "Kotelnik"]
[Black "calidore"]
[Result "1-0"]
[WhiteCountry "CZE"]
[BlackCountry "ISR"]
[WhiteElo "2125"]
[WhiteRD "94"]
[BlackElo "1899"]
[BlackRD "53"]
[GameID "151844"]

1. e4 Nf6 2. e5 Nd5 3. d4 d6 4. Nf3 Bg4 5. Be2 c6 6. c4 Nc7 7. O-O Nd7 8. Nc3 Bxf3 9. Bxf3 dxe5 10. d5 cxd5
11. cxd5 Nf6 12. Qb3 Rb8 13. Be3 b6 14. Qa4+ b5 15. Qxa7 b4 16. d6 exd6 17. Bc6+ Nd7 18. Na4 Be7 19. Nb6 Rxb6 20. Bxb6 O-O
21. Bxc7
1-0

[Event "Passover! Holiday of Liberty!"]
[Site "SchemingMind.com"]
[Date "2008.04.23"]
[Round "-"]
[White "Kotelnik"]
[Black "kwabena"]
[Result "1-0"]
[WhiteCountry "CZE"]
[BlackCountry "ENG"]
[WhiteElo "2001"]
[WhiteRD "134"]
[BlackElo "1572"]
[BlackRD "77"]
[GameID "151845"]

1. e4 d5 2. exd5 Qxd5 3. Nc3 Qd8 4. Nf3 Bf5 5. d4 e6 6. Bd3 Bxd3 7. Qxd3 h6 8. Qb5+ Nd7 9. Qxb7 a6 10. Bf4 Bd6
11. Bxd6 cxd6 12. Ne4 d5 13. Nd6+ Kf8 14. Nxf7 Kxf7 15. Ne5+ Ke8 16. Nxd7 Qxd7 17. Qxa8+ Kf7 18. O-O-O Qb5 19. Rhe1 Qb6 20. Rd3 Qa5
21. Qb7+ Kg6 22. Rg3+ Kh5 23. Qf7+
1-0

[Event "Passover! Holiday of Liberty!"]
[Site "SchemingMind.com"]
[Date "2008.04.23"]
[Round "-"]
[White "Kotelnik"]
[Black "smothered mate"]
[Result "1-0"]
[WhiteCountry "CZE"]
[BlackCountry "POL"]
[WhiteElo "2125"]
[WhiteRD "94"]
[BlackElo "1927"]
[BlackRD "49"]
[GameID "151846"]

1. e4 c5 2. Nf3 d6 3. Nc3 a6 4. d4 cxd4 5. Nxd4 Nf6 6. Bc4 Qc7 7. Qe2 e5 8. Nf3 Nc6 9. Bg5 Be7 10. Bxf6 Bxf6
11. Nd5 Qd8 12. O-O O-O 13. c3 b5 14. Bd3 Be7 15. a4 bxa4 16. Rxa4 a5 17. Rfa1 Bd7 18. b4 Nd4 19. cxd4 Bxa4 20. Rxa4 Qd7
21. Bb5 Qe6 22. Nc7 Qb3 23. Nxa8 Rxa8 24. bxa5
1-0

[Event "Passover! Holiday of Liberty!"]
[Site "SchemingMind.com"]
[Date "2008.04.23"]
[Round "-"]
[White "Philip"]
[Black "Kotelnik"]
[Result "0-1"]
[WhiteCountry "INT"]
[BlackCountry "CZE"]
[WhiteElo "1563"]
[WhiteRD "66"]
[BlackElo "2125"]
[BlackRD "94"]
[GameID "151847"]

1. e4 c5 2. Nf3 Nc6 3. c3 d5 4. exd5 Qxd5 5. Be2 e5 6. O-O Nf6 7. d3 Be7 8. c4 Qd6 9. Nc3 O-O 10. Nb5 Qb8
11. Nc3 Bf5 12. Nd5 Nxd5 13. cxd5 Nb4 14. Qb3 Qd6 15. a3 Nxd5 16. Nd2 Nf4 17. Bf3 Rfb8 18. Ne4 Qxd3 19. Qxd3 Nxd3 20. Be3 Rd8
21. Ng3 Bg6 22. b4 f5 23. Bxc5 Nxc5 24. bxc5 e4 25. Be2 Bxc5 26. Bc4+ Kh8 27. Rfd1 e3 28. Rxd8+ Rxd8 29. fxe3 f4 30. Nf1 fxe3
31. Be2 b6 32. a4 a5 33. Rd1 Rxd1 34. Bxd1 e2+
0-1

[Event "Passover! Holiday of Liberty!"]
[Site "SchemingMind.com"]
[Date "2008.04.24"]
[Round "-"]
[White "Orhany24"]
[Black "Kotelnik"]
[Result "0-1"]
[WhiteCountry "TUR"]
[BlackCountry "CZE"]
[WhiteElo "1749"]
[WhiteRD "68"]
[BlackElo "2125"]
[BlackRD "94"]
[GameID "151848"]

1. d4 Nf6 2. c4 e6 3. a3 d5 4. e3 c5 5. Nf3 cxd4 6. exd4 Be7 7. Be2 dxc4 8. Bxc4 O-O 9. O-O b6 10. Nc3 Bb7
11. Be3 a6 12. b4 Qc7 13. Qb3 Bxf3 14. gxf3 Rc8 15. Bxe6 fxe6 16. Qxe6+ Kh8 17. Rac1 Qd7 18. Qf7 Nc6 19. Rfd1 Qh3 20. Ne4 Nxe4
21. fxe4 Qg4+ 22. Kf1 Qxe4 23. d5 Rf8 24. Qe6 Qh1+ 25. Ke2 Qf3+ 26. Kf1 Bh4
0-1

[Event "Passover! Holiday of Liberty!"]
[Site "SchemingMind.com"]
[Date "2008.04.28"]
[Round "-"]
[White "calidore"]
[Black "Kotelnik"]
[Result "0-1"]
[WhiteCountry "ISR"]
[BlackCountry "CZE"]
[WhiteElo "1899"]
[WhiteRD "53"]
[BlackElo "2125"]
[BlackRD "94"]
[GameID "151849"]

1. e4 c5 2. c3 d5 3. exd5 Qxd5 4. d4 Nc6 5. Nf3 Bg4 6. Be2 e6 7. O-O Nf6 8. Be3 O-O-O 9. h3 Bh5 10. dxc5 Qxd1
11. Rxd1 Rxd1+ 12. Bxd1 Nd5 13. b4 Be7 14. Bd2 Ncxb4 15. cxb4 Bf6 16. Nc3 Nxc3 17. Bxc3 Bxc3 18. Rb1 Rd8 19. Be2 Bxf3 20. Bxf3 Rd2
21. a4 Rd4 22. c6 bxc6 23. Bxc6 Bxb4 24. Be8 f5 25. Rc1+ Kd8 26. Bf7 Kd7 27. Bg8 Ba5 28. Bxh7 Rxa4 29. Bg6 Bb6 30. Rd1+ Ke7
31. Rd2 Ra1+ 32. Kh2 Rf1 33. Kg3 a5 34. Ra2 Bxf2+ 35. Kf3 Bc5+ 36. Kg3 Kf6 37. Be8 Bd6+ 38. Kh4 Rc1 39. Rxa5 Rc8 40. Ra6 g5+
41. Kh5 Rxe8
0-1

[Event "Passover! Holiday of Liberty!"]
[Site "SchemingMind.com"]
[Date "2008.04.23"]
[Round "-"]
[White "kwabena"]
[Black "Kotelnik"]
[Result "0-1"]
[WhiteCountry "ENG"]
[BlackCountry "CZE"]
[WhiteElo "1572"]
[WhiteRD "77"]
[BlackElo "2001"]
[BlackRD "134"]
[GameID "151850"]

1. d4 Nf6 2. Bg5 h6 3. Bxf6 exf6 4. e3 d5 5. a3 Bd6 6. c4 dxc4 7. Bxc4 O-O 8. h3 Nd7 9. Nc3 f5 10. Nf3 Nb6
11. Ba2 Bd7 12. Nd5 Bc6 13. Nxb6 axb6 14. O-O Re8 15. Nd2 Qg5 16. Nf3 Qf6 17. Bb1 f4 18. exf4 Bxf4 19. Bd3 Rad8 20. b4 Bd6
21. Nd2 Qf4 22. g3 Qxd4 23. Kh2 Qxd3
0-1

[Event "Passover! Holiday of Liberty!"]
[Site "SchemingMind.com"]
[Date "2008.04.23"]
[Round "-"]
[White "smothered mate"]
[Black "Kotelnik"]
[Result "0-1"]
[WhiteCountry "POL"]
[BlackCountry "CZE"]
[WhiteElo "1927"]
[WhiteRD "49"]
[BlackElo "2125"]
[BlackRD "94"]
[GameID "151851"]

1. e4 c5 2. c3 Nc6 3. d4 d5 4. exd5 Qxd5 5. Be3 e5 6. dxc5 Qxd1+ 7. Kxd1 Nf6 8. Nf3 Ng4 9. b4 Be7 10. Ke2 O-O
11. h3 Nxe3 12. Kxe3 a5 13. b5 Bxc5+ 14. Ke4 f5+ 15. Kd5 Bxf2 16. bxc6 bxc6+ 17. Kxc6 Rf6+ 18. Kb5 Rb6+ 19. Kc4 Ba6+ 20. Kd5 Bb7+
21. Kxe5 Re8+ 22. Kxf5 Rf6+ 23. Kg5 Rg6+ 24. Kf5 Bc8+
0-1